000 00287nam a2200109Ia 4500
008 220204s9999 xx 000 0 und d
082 _a82-3
_bDIC
100 _aDickens, Charles
245 2 _aA Tale of two cities (Illustrated)
260 _aNoida
_bTinytot Publications
_c2012
942 _cBK
999 _c44665
_d44665